| 000 | 00971 a2200289 4500 | ||
|---|---|---|---|
| 999 |
_c200130000 _d31121 |
||
| 001 | 200130000 | ||
| 003 | TR-AnTOB | ||
| 005 | 20260120165059.0 | ||
| 008 | 130712m19902011nyu 001 0 | ||
| 020 | _a0521394163 | ||
| 020 | _a0521397340 (pbk.) | ||
| 040 |
_aDLC _cDLC _dDLC _beng _erda |
||
| 041 | _aeng | ||
| 050 | 0 | 0 |
_aHB99.5 _b.N67 2011 |
| 090 | _aHB99.5 .N67 2011 | ||
| 100 | 1 |
_aNorth, Douglass C. _q(Douglass Cecil) _991478 |
|
| 245 | 1 | 0 |
_aInstitutions, institutional change, and economic performance / _cDouglass C. North. |
| 264 | 1 |
_aCambridge ; _aNew York : _bCambridge University Press, _c2011 |
|
| 300 |
_aviii, 152 p. ; _c24 cm. |
||
| 490 | 0 | _aThe Political economy of institutions and decisions | |
| 505 | _aI.Institutions -- II.Institutional change -- III.Economic performance. | ||
| 650 | 0 |
_aEconomic development _91528 |
|
| 650 | 0 |
_aOrganizational change _9297 |
|
| 650 | 0 |
_aInstitutional economics _912176 |
|
| 942 |
_cBK _2lcc |
||